Statistics for Constituent countries of the Kingdom of the Netherlands

Click here to take the quiz!

General Stats

  • This quiz has been taken 388 times
  • The average score is 5 of 7

Answer Stats

TypeAnswer% Correct
Constituent countriesNetherlands
96%
Constituent countryAruba
92%
Constituent countryCuraçao
91%
Special municipalitiesBonaire
82%
Constituent countrySint Maarten
78%
Special municipalitySaba
62%
Special municipalitySint Eustatius
47%

Score Distribution

Percentile by Number Answered

Percent of People with Each Score

Your Score History

You have not taken this quiz